A textbook on Plant Pathology: (Record no. 198296)

MARC details
000 -LEADER
fixed length control field 00627nam a22001937a 4500
005 - DATE AND TIME OF LATEST TRANSACTION
control field 20240102130027.0
010 ## - LCCN (DPL NO)
LC control number ENG-138104
020 ## - INTERNATIONAL STANDARD BOOK NUMBER
International Standard Book Number 9789390434015
Terms of availability 1025.00
035 ## - SYSTEM CONTROL NUMBER
System control number EN-121636
037 ## - SOURCE OF ACQUISITION
Source of stock number/acquisition DBAD/PUB
082 ## - DEWEY DECIMAL CLASSIFICATION NUMBER
Classification number 581.2
100 ## - MAIN ENTRY--PERSONAL NAME
Personal name Dutta, Pranab
245 ## - TITLE STATEMENT
Title A textbook on Plant Pathology:
Remainder of title For UG & PG Students/
Statement of responsibility, etc By Pranab Dutta and Phatik Tamuli
260 ## - PUBLICATION, DISTRIBUTION, ETC. (IMPRINT)
Place of publication, distribution, etc Assam
Name of publisher, distributor, etc EBH Publishers
Date of publication, distribution, etc 2021
270 ## - ADDRESS
Address 136, M.L Nehru Road, panbazar
City Guwahati-178 ( Assam)
Postal code 781 001
300 ## - PHYSICAL DESCRIPTION
Extent 206p.
Dimensions 24cm(pbk)
Other physical details Index
700 ## - ADDED ENTRY--PERSONAL NAME
9 (RLIN) 56828
Personal name Tamuli, Phatik
942 ## - ADDED ENTRY ELEMENTS (KOHA)
Source of classification or shelving scheme Dewey Decimal Classification
Item type English Books
Classification part 581.2
Call number suffix DUT
Holdings
Withdrawn status Lost status Not for loan Collection code Home library Current library Date acquired Source of acquisition Cost, normal purchase price Full call number Barcode Copy number Cost, replacement price Koha item type
    Not For Loan Non-fiction D.B.Act.Division D.B.Act.Division 18/09/2023 DBAD/PUB 350.00 581.2 DUT EN-121636 1 350.00 English Books

© Delhi Public Library
Hit Counter
free hit counter